Quizzes
Events
Quiz Creation
Community
Videos
Private Events
Remove Ads
Sign In
Join for FREE
Feedback
Dark Mode
Quiz Categories
Sports
Geography
Music
Movies
Television
Just For Fun
Miscellaneous
History
Literature
Language
Science
Gaming
Entertainment
Religion
Holiday
For Kids
Quiz Lab
Recent
Popular Today
Quiz Kudos Today
Editor Picks
Curator Picks
Quizzes by...
Day
Popularity
Type
Ratings
Length
Year
Community
Subscriptions
Recent Discussions
Orange Saloon
Badges
Playlists
Quests
Create
Leaderboards
Showdown
Live 5
Trivia Bingo
Activity
Puzzle Library
Sporcle Events
Private Events
Virtual Trivia
Globe League
Become a Host
Pub Owners
SporcleCon
Opinionation
Our Games
Videos
Blog
Mobile Apps
Partnerships
Remove Ads and Go Orange
Feedback
Movies
Disney
Marvel Cinematic Universe
Movie Resume
Movie Titles
Oscar
Actor
Actress
Director
Pixar
Role
Movie Quotes
Movie Characters
Box Office
Nominee
Best Picture
Star Wars
James Bond
Horror Movies
Movies
Disney
Marvel Cinematic Universe
Movie Resume
Movie Titles
Oscar
Actor
Actress
Director
Pixar
Role
Movie Quotes
Movie Characters
Box Office
Nominee
Best Picture
Star Wars
James Bond
Horror Movies
Random Quiz
Search Sporcle
×
Quiz Lab
Quiz Lab
Movies
Type in answers that appear in a list
Type in answers that appear in a list
Classic
Best Score? Go Orange.
Cult & Grind House Films Stats
Can you name the Cult and Grind House Films?
By
FancyMonocle
5m
20 Questions
96 Plays
96 Plays
96 Plays
Comments
Comments
Give Quiz Kudos
Give Quiz Kudos
-
- Ratings
hide this ad
More Info
Replay
Link that replays current quiz
Next Quiz
Link to next quiz in quiz playlist
You Got
0%
They Got
Avg Score
59%
Avg Friend Score
Upgrade to see
Score Distribution
Jump to the score distribution portion of the page
Score
0/20
Timer
05:00
0
Plays Today
Film Title
% Correct
Rocky Horror _
_
_
_
_
_
_
_
_
_
_
_
_
_
_
Picture Show
97.9%
Night of the _
_
_
_
_
_
Dead
Living
94.8%
Donnie _
_
_
_
_
_
_
_
_
Darko
93.8%
_
_
_
_
_
_
_
of the Dead
Dawn
89.6%
Last House on the _
_
_
_
_
_
Left
82.3%
The Evil _
_
_
_
_
_
_
Dead
76%
Plan 9 _
_
_
_
_
_
_
_
_
_
_
_
_
_
_
_
_
From Outer Space
72.9%
I Spit on _
_
_
_
_
_
_
_
_
_
_
Your Grave
69.8%
Fast, Pussycat! _
_
_
_
_
_
_
_
_
_
_
_
_
Kill! Kill!
62.5%
Pink _
_
_
_
_
_
_
_
_
_
Flamingos
60.4%
Film Title
% Correct
Battle _
_
_
_
_
_
_
Royale
55.2%
Cannibal _
_
_
_
_
_
_
_
Holocaust
51%
Five Fingers of _
_
_
_
_
_
Death
51%
Vanishing _
_
_
_
_
_
_
Point
45.8%
Troll _
_
_
_
2
41.7%
Ilsa -
She Wolf of the _
_
_
_
_
_
SS
39.6%
_
_
_
_
_
_
_
_
_
_
_
_
_
_
_
_
Baadassssss Song
Sweet Sweetback's
31.3%
Please Don't Eat my _
_
_
_
_
_
_
Mother
27.1%
Master of the Flying _
_
_
_
_
_
_
Guillotine
21.9%
Death _
_
_
_
_
_
Race
20.8%
Quiz Playlist
Details
Report
Send in Message
Add To Playlist
More Info:
Fill in the blanks to complete the titles of these classic cult & grind house films.
Classic:
Type in answers that appear in a list
Last Updated: Feb 16, 2017
Quiz Scoreboard
CHALLENGE
Sign Up to Join the Scoreboard
Show All
Scores
Hide
Comments
May contain spoilers
Recently Published
An Introduction to Baseball
by treessimontrees
Sports
5m
Movies - When Are They Set?
by FPL_Elf
Movies
5m
Popular People in 1961
by mucciniale
History
6m
More to Explore
Quiz From the Vault
Featured Blog Post
Where Did the Easter Bunny Come From?
hide this ad
You Might Also Like...
Tags
This quiz does not have any tags.
Today's Top Quizzes in Movies
Browse Movies
hide this ad
Top Contributed Quizzes in Movies
1
Pick 5 Posters: Directed by Spielberg
2
Pick 5 Posters: Lowest-Rated Spielberg
3
Multi-Oscar Nominations, One Movie, One Winner
4
7-to-1: Pixar Characters
5
12 Movies about Fictional 1960s Events
6
One Thing in Common: Movies
7
Pick 5 Posters: Directed by Scorsese
8
Sunday Crossword: Film Score Composers
9
Pick 5 Posters: Star & Director
10
Sorting Actors
Explore More
Trending Topics
Crossword
NBA
Kpop
Disney
Marvel
Anime
Harry Potter
Country
Soccer
WWE
The Office
Puzzle
Song
NFL
Pokémon
hide this ad
More By:
FancyMonocle
Quiz
Plays
Rating
Category
Featured
Created
Name that 90's Children's TV show
1,476
4.38
Television
Apr 27, 2010
Film Firsts
356
3.17
Movies
Apr 26, 2010
Cult & Grind House Films
96
4.00
Movies
Aug 6, 2010
Go to Creator's Profile
Score Distribution
Quiz Creator Spotlight
FancyMonocle
Follow
Send a Message
Quizzes Created
-
Created Quiz Play Count
-
More By This Creator
Popular Quizzes Today
1
Find the Countries of Europe - No Outlines Minefield
2
Find the US States - No Outlines Minefield
3
The Countries of the World
4
Popular People in 1961
5
Find the US States
6
US States
7
1-10 Letter E Words III
8
Risky Map Clicking: Biggest States A-Z
More Movies Quizzes
Christmas Pick: Movie Characters
Editor's Pick
Trending Quizzes
Risky Map Clicking: Least Populous States A-Z
1-10 Letter F Words
1-10 Letter G Words
Not Quite an Element Typing Challenge
One Thing in Common: United Kingdom
Recently Updated
Leaping Animals
pecheneg
Reality TV Shows (A-Z)
bhenderson79
Rickey Henderson's Hall of Fame Teammates
pecheneg
Champions League XIs: Arsenal
pecheneg
Quick Pick: Celebrities in WWE's Hall of Fame
aduchscher
A-Z Keypad Blitz II
pecheneg
Multiple Oscar Actors
pecheneg
Mystery Phrase Blitz: Oscar 'Best Actors'
pecheneg
F. Scott Fitzgerald Novels
LTH
Pick 3 Villains
ddd62291
Trending Topics
Marvel
Anime
Harry Potter
NBA
Kpop
Crossword
Disney
Soccer
The Office
Pokémon
Song
Country
WWE
NFL
Puzzle
Your Account Isn't Verified!
In order to create a playlist on Sporcle, you need to verify the email address you used during registration. Go to your
Sporcle Settings
to finish the process.
Report this User
Report this user for behavior that violates our
Community Guidelines
.
Details:
Send Report
Go to the Sporcle.com Mobile Site →
Comments